Lana Del Rey Songs to Albums - All Songs - Statistics

General Stats
  • This quiz has been taken 37 times
  • The average score is 90 of 144
Answer Stats
Hint Answer % Correct
Blue Banisters Blue Banisters
86%
Summertime Sadness Born to die
86%
Norman Fucking Rockwell NFR!
86%
Young And Beautiful Single
86%
Shades Of Cool Ultraviolence
86%
Born to die Born to die
81%
Off To The Races Born to die
81%
Blue Jeans Born to die
81%
National Anthem Born to die
81%
Million Dollar Man Born to die
81%
This Is What Makes Us Girls Born to die
81%
DYKTTTUOB DYKTTTUOB
81%
A&W DYKTTTUOB
81%
Honeymoon Honeymoon
81%
Religion Honeymoon
81%
West Coast Ultraviolence
81%
Sad Girl Ultraviolence
81%
Pretty When You Cry Ultraviolence
81%
The Other Woman Ultraviolence
81%
COTCC COTCC
76%
Sweet DYKTTTUOB
76%
Margaret DYKTTTUOB
76%
Peppers DYKTTTUOB
76%
Art Deco Honeymoon
76%
Lust For Life Lust For Life
76%
Ultraviolence Ultraviolence
76%
Black Bathing Suit Blue Banisters
71%
If You Lie Down With Me Blue Banisters
71%
Thunder Blue Banisters
71%
Video Games Born to die
71%
Diet Mountain Dew Born to die
71%
Radio Born to die
71%
Carmen Born to die
71%
The Grants DYKTTTUOB
71%
Grandfather please stand on the shoulder of my father DYKTTTUOB
71%
Let The Light In DYKTTTUOB
71%
Music To Watch Boys To Honeymoon
71%
Freak Honeymoon
71%
Groupie Love Lust For Life
71%
Doin' Time NFR!
71%
How to disappear NFR!
71%
The Next Best American Record NFR!
71%
Happiness is a butterfly NFR!
71%
Cruel World Ultraviolence
71%
Fucked My Way Up To The Top Ultraviolence
71%
Florida Kilos Ultraviolence
71%
Nectar Of The Gods Blue Banisters
67%
Wild At Heart COTCC
67%
Judah Smith Interlude DYKTTTUOB
67%
Kintsugi DYKTTTUOB
67%
Paris,Texas DYKTTTUOB
67%
Fishtail DYKTTTUOB
67%
Taco Truck x VB DYKTTTUOB
67%
High By The Beach Honeymoon
67%
Salvatore Honeymoon
67%
24 Honeymoon
67%
Summer Bummer Lust For Life
67%
Mariners Apartment Complex NFR!
67%
Fuck it I love you NFR!
67%
California NFR!
67%
The greatest NFR!
67%
Bartender NFR!
67%
Bel Air Paradise
67%
Season Of The Witch Single
67%
Brooklyn Baby Ultraviolence
67%
Money Power Glory Ultraviolence
67%
Old Money Ultraviolence
67%
Beautiful Blue Banisters
62%
Violets for Roses Blue Banisters
62%
Living Legend Blue Banisters
62%
Without You Born to die
62%
Don't Call Me Angel Collabs
62%
Dark But Just a Game COTCC
62%
Yosemite COTCC
62%
Breaking Up Slowly COTCC
62%
Candy Necklace DYKTTTUOB
62%
Fingertips DYKTTTUOB
62%
Don't Let Me Be Misunderstood Honeymoon
62%
Love Lust For Life
62%
Cherry Lust For Life
62%
White Mustang Lust For Life
62%
Heroin Lust For Life
62%
Change Lust For Life
62%
Get Free Lust For Life
62%
Venice Bitch NFR!
62%
Cinnamon Girl NFR!
62%
Gods & Monsters Paradise
62%
Once Upon A Dream Single
62%
Black Beauty Ultraviolence
62%
Arcadia Blue Banisters
57%
Dealer Blue Banisters
57%
Wildflower Wildfire Blue Banisters
57%
Cherry Blossom Blue Banisters
57%
Stargirl Interlude Collabs
57%
White Dress COTCC
57%
Dance Till We Die COTCC
57%
For Free COTCC
57%
Terrence Loves You Honeymoon
57%
God Knows I Tried Honeymoon
57%
The Blackest Day Honeymoon
57%
Swan Song Honeymoon
57%
13 Beaches Lust For Life
57%
In My Feelings Lust For Life
57%
Coachella - Woodstock In My Mind Lust For Life
57%
God Bless America - And All The Beautiful Women In It Lust For Life
57%
When The World Was At War We Kept Dancing Lust For Life
57%
hope is a dangerous thing NFR!
57%
Blue Velvet Paradise
57%
Yayo Paradise
57%
Text Book Blue Banisters
52%
Dark Paradise Born to die
52%
Lolita Born to die
52%
Snow On The Beach Collabs
52%
The Abyss Collabs
52%
Tough Collabs
52%
Beautiful People Beautiful Problems Lust For Life
52%
Cola Paradise
52%
Burning Desire Paradise
52%
Big Eyes Single
52%
Prisoner Collabs
48%
Suburban House Collabs
48%
Riverside Collabs
48%
Hallucinogenics Collabs
48%
Tulsa Jesus Freak COTCC
48%
Jon Batiste Interlude DYKTTTUOB
48%
Tomorrow Never Came Lust For Life
48%
Body Electric Paradise
48%
Sweet Carolina Blue Banisters
43%
Lost At Sea Collabs
43%
Dayglo Reflection Collabs
43%
Love song NFR!
43%
Ride Paradise
43%
I Can Fly Single
43%
Watercolor Eyes Single
43%
Lucky Ones Born to die
38%
Buddy's Rendezvous Collabs
38%
Let Me Love You Like A Woman COTCC
38%
American Paradise
38%
Looking For America Single
38%
Blue Skies Single
38%
Interlude The Trio Blue Banisters
33%
Secret Life Collabs
33%
Hollywood Bowl Collabs
29%
Burnt Norton Interlude Honeymoon
29%
No matching quizzes found
Score Distribution
Percent of People with Each Score
Percentile by Number Answered
Your Score History
You have not taken this quiz